000 00613c a2200181 04500
001 45306
090 _a45306
100 _a19771001d1977 m y0pory5003 ba
101 0 _apor
102 _aPT
200 1 _aConferência Internacional sobre Economia Portuguesa
_e11 a 13 de Outubro de 1976
_f[1.ª] Conferência Internacional sobre Economia Portuguesa
210 9 _aLisboa
_cFundacão Calouste Gulbenkian,
_d1977
215 _a2 v.
_cil., diagr., map.
_d25 cm
675 _a33
_vmed
_zpor
675 _a33(063)
710 1 2 _aConferência Internacional sobre Economia Portuguesa,
_eLisboa,
_f1976
801 0 _aPT
_bBN
_gRPC
990 _cLIVROS